Database system concepts (Record no. 489)

000 -LEADER
fixed length control field 00571nam a22002297a 4500
001 - CONTROL NUMBER
control field 489
003 - CONTROL NUMBER IDENTIFIER
control field BD-DhUET
008 - FIXED-LENGTH DATA ELEMENTS--GENERAL INFORMATION
fixed length control field 140722b xxu||||| |||| 00| 0 eng d
020 ## - INTERNATIONAL STANDARD BOOK NUMBER
International Standard Book Number 007124476X
040 ## - CATALOGING SOURCE
Transcribing agency 0
Modifying agency BD-DhUET
082 ## - DEWEY DECIMAL CLASSIFICATION NUMBER
Classification number 005.74
Item number SIL/2006
100 ## - MAIN ENTRY--PERSONAL NAME
Personal name Silberschatz, Abraham
245 ## - TITLE STATEMENT
Title Database system concepts
250 ## - EDITION STATEMENT
Edition statement 5th ed.
260 ## - PUBLICATION, DISTRIBUTION, ETC. (IMPRINT)
Place of publication, distribution, etc. Boston
Name of publisher, distributor, etc. McGraw-Hill
Date of publication, distribution, etc. 2006
300 ## - PHYSICAL DESCRIPTION
Extent xxvi,1142p.
Other physical details ill.
504 ## - BIBLIOGRAPHY, ETC. NOTE
Bibliography, etc Includes bibliographies
650 #0 - SUBJECT ADDED ENTRY--TOPICAL TERM
Topical term or geographic name as entry element Database management
700 ## - ADDED ENTRY--PERSONAL NAME
Personal name Korth, Henry F.
700 ## - ADDED ENTRY--PERSONAL NAME
Personal name Sudarshan, S.
942 ## - ADDED ENTRY ELEMENTS (KOHA)
Koha item type General Book
Holdings
Koha date last borrowed Shelving location Damaged status Koha date last seen Date acquired Koha issues (times borrowed) Koha item type Piece designation (barcode) Lost status Koha renewals Sublocation or collection (holding branch) Price effective from Copy number Withdrawn status Location (home branch) Not for loan Koha full call number Source of classification or shelving scheme Koha normalized classification for sorting
 Circulation section 2014-07-222014-07-22 General Book103320  Central Library, BUET2014-07-221 Central Library, BUET 007.74/SIL/2006 007_000000000000000_74SIL2006
 Circulation section 2016-12-242014-07-22 General Book103321 2Central Library, BUET2014-07-222 Central Library, BUET 007.74/SIL/2006 007_000000000000000_74SIL2006
 Circulation section 2014-08-252014-08-25 General Book103322  Central Library, BUET2014-08-253 Central Library, BUET 005.74 SIL/2006 005_740000000000000_SIL2006
2021-12-04Circulation section 2021-12-182014-08-251General Book103323  Central Library, BUET2014-08-254 Central Library, BUET 005.74/SIL/2006 005_000000000000000_74SIL2006
 Circulation section 2014-08-252014-08-25 General Book103324  Central Library, BUET2014-08-255 Central Library, BUET 005.74/SIL/2006 005_000000000000000_74SIL2006
 Circulation section 2014-08-252014-08-25 General Book103325  Central Library, BUET2014-08-256 Central Library, BUET 005.74/SIL/2006 005_740000000000000_SIL_2006
2017-07-01Circulation section 2017-07-162014-08-251General Book103326  Central Library, BUET2014-08-257 Central Library, BUET 005.74/SIL/2006 005_740000000000000_SIL_2006
 Circulation section 2014-08-252014-08-25 General Book103327  Central Library, BUET2014-08-258 Central Library, BUET 005.74/SIL/2006 005_000000000000000_74SIL2006
 Circulation section 2014-08-252014-08-25 General Book103328  Central Library, BUET2014-08-259 Central Library, BUET 005.74/SIL/2006 005_000000000000000_74SIL2006
 Circulation section 2014-08-252014-08-25 General Book103329  Central Library, BUET2014-08-2510 Central Library, BUET 005.74/SIL/2006 005_000000000000000_74SIL2006
 Reading section 2015-06-092015-06-09 Reading Item102172  Central Library, BUET2015-06-0911 Central Library, BUET 005.74/SIL/2006 005_740000000000000_SIL_2006
 Reading section 2015-06-092015-06-09 Reading Item102554  Central Library, BUET2015-06-0912 Central Library, BUET 005.74/SIL/2006 005_740000000000000_SIL_2006